000 00634nam a2200229Ia 4500
003 OSt
005 20220928135614.0
006 a|||||r|||| 00| 0
007 ta
008 220927b |||||||| |||| 00| 0 eng d
024 _a3624
037 _cTextual
040 _aSDCL
_cSDCL
_beng
041 _2eng
_aeng
082 _aX:5381, P4
100 _aBoas Morten Ed.
_9491922
245 0 _aGlobal institutions and development
_b Framing the world?
260 _c2004
700 _a McNeill Desmond Ed.
_9491923
942 _hX:5381, P4
_cTEXL
_2CC
999 _c807359
_d807359